000 00509nam a2200169Ia 4500
999 _c22532
_d22532
003 OSt
005 20200206114723.0
008 190216s9999||||xx |||||||||||||| ||und||
040 _coclc
082 _a297
_bKAR/I
100 _a Karakunnu, Sheikh Mohammed
_91839
245 0 _aIslam Manavathayude Matham /
_cSheikh Mohammed Karakunnu
260 _bIslamic Publishing House,
_c2003.
_aKozhikode:
300 _a48p
650 _aIslam Matham
942 _cBK
_2ddc
_h297
_iKAR/I
_k297
_mKAR/I